Cuenta conmigo
Basada en la novela corta El cuerpo de Stephen King. -- En un pequeño pueblo de Oregón, cuatro adolescentes se lanzan a la aventura de buscar a un muchacho desaparecido. Jugando a ser héroes, el inteligente Cornie, el rudo y sentimental Chris, el extravagante Teddy y el miedoso Vern se adentran en u...
Guardado en:
| Autor Principal: | |
|---|---|
| Autor Corporativo: | |
| Otros Autores: | , , , , , , , |
| Formato: | |
| Idioma: | Undetermined |
| Publicado: |
Estados Unidos :
Columbia Pictures,
1986.
|
| Materias: | |
| Etiquetas: |
Agregar Etiqueta
Sin Etiquetas, Sea el primero en etiquetar este registro!
|
| LEADER | 01455ngm a22003015a 4500 | ||
|---|---|---|---|
| 001 | CEM.cems020465 | ||
| 008 | 230920s1986####xx#---############vlund#d | ||
| 005 | 20230920194404.0 | ||
| 245 | 1 | 0 | |a Cuenta conmigo |h [videograbación] / |c Rob Reiner. |
| 260 | |a Estados Unidos : |b Columbia Pictures, |c 1986. | ||
| 300 | |a 90'. | ||
| 520 | |a Basada en la novela corta El cuerpo de Stephen King. -- En un pequeño pueblo de Oregón, cuatro adolescentes se lanzan a la aventura de buscar a un muchacho desaparecido. Jugando a ser héroes, el inteligente Cornie, el rudo y sentimental Chris, el extravagante Teddy y el miedoso Vern se adentran en un ambiente hostil en el que deberán valerse por sí mismos. | ||
| 590 | |a Identificación anterior: 175 | ||
| 538 | |a Soporte: DVD -- Formato: AVI Peso: 1.36gb -- Resolución: 720 x 400 -- 23.98 fps | ||
| 500 | |a Título original: Stand by Me Idioma: Doblada al español. | ||
| 100 | 1 | |a Reiner, Rob. | |
| 700 | 1 | |a Evans, Bruce A ; Guion y producción. | |
| 700 | 1 | |a King, Stephen; Novela. | |
| 700 | 1 | |a Dreyfuss, Richard; Narrador y reparto. | |
| 700 | 1 | |a Wheaton, Wil; Reparto. | |
| 700 | 1 | |a Phoenix, River; Reparto. | |
| 700 | 1 | |a Feldman, Corey; Reparto. | |
| 700 | 1 | |a O'Connell, Jerry; Reparto. | |
| 700 | 1 | |a Sutherland, Kiefer; Reparto. | |
| 710 | 2 | |a Columbia Pictures. | |
| 653 | |a LARGOMETRAJE | ||
| 653 | |a FICCIÓN | ||
| 859 | |a CEMS |b BIB. CEMS - Depto. Recursos Didacticos |h 778.5 |i REI-1 |k DRD |p 3120.23 |t Ej.1 | ||
